Logística inversa en la gestión de la cadena de suministro
Salvato in:
| Autore principale: | |
|---|---|
| Natura: | Libro |
| Lingua: | spagnolo |
| Pubblicazione: |
Cuernavaca
Alfaomega
2014
|
| Edizione: | 2a. ed |
| Soggetti: | |
| Tags: |
Aggiungi Tag
Nessun Tag, puoi essere il primo ad aggiungerne!!
|
MARC
| LEADER | 00000cam a2200000 a 4500 | ||
|---|---|---|---|
| 001 | UCC6555 | ||
| 003 | CL-VaPUC | ||
| 008 | 181213e20140000mx |||||||||||||||||spa|d | ||
| 020 | |a 9786076220238 | ||
| 082 | 0 | 4 | |a 658.5 |b CAB |2 21 |
| 100 | 0 | |a Cabeza, Domingo |e author |9 601037 | |
| 245 | 1 | 0 | |a Logística inversa en la gestión de la cadena de suministro |
| 250 | |a 2a. ed | ||
| 300 | |a 122 p | ||
| 942 | |c BK | ||
| 945 | |d 20181213 14:55:00 |a dcastane | ||
| 260 | |a Cuernavaca |b Alfaomega |c 2014 | ||
| 650 | 7 | |a LOGISTICA |2 CL-VaPUC |9 485423 | |
| 650 | 0 | |a Planificación estratégica |9 259735 | |
| 650 | 0 | |a Gestión de la información |9 362327 | |
| 650 | 0 | |a Gestión de la producción |9 259467 | |
| 583 | |a last modification |c 20181213 14:55:00 |k Rodrigo Vera | ||
| 999 | |c 373495 |d 373493 | ||
| 952 | |0 0 |1 0 |3 erb |4 0 |6 658_500000000000000_CAB_2014 |7 0 |8 A |9 491613 |a BIBING |b BIBING |i 5523443 |o 658.5 CAB 2014 |p 5523443 |r 2025-01-20 |w 2019-11-24 |y BK |z Catalogado en:20181213 |k TRA | ||
| 952 | |0 0 |1 0 |3 erb |4 0 |6 658_500000000000000_CAB_2014 |7 0 |8 A |9 491614 |a BIBING |b BIBING |i 5523435 |o 658.5 CAB 2014 |p 5523435 |r 2025-01-20 |w 2019-11-24 |y BK |z Catalogado en:20181213 |k TRA | ||